[Event "1. Wittelsbacher Weihnachts-Schach-Open"]
[Site "Kelheim"]
[Date "2012.12.26"]
[Round "1.1"]
[White "Pezerovic, Edin"]
[Black "Beilschmidt, Eva"]
[Result "1-0"]
[WhiteElo "2442"]
[BlackElo "1716"]
[PlyCount "53"]
[EventDate "2012.??.??"]
[WhiteTeam "Münchener SC 1836 e.V."]
[BlackTeam "SK Kelheim 1920"]

1. d4 Nf6 2. Nf3 e6 3. Bf4 c5 4. c3 Nc6 5. e3 Qb6 6. Qb3 Qxb3 7. axb3 Be7 8. h3
O-O 9. Na3 d5 10. Nb5 Bd7 11. Nd6 b6 12. Ba6 Na5 13. Nd2 Bc6 14. dxc5 Rad8 15.
b4 Nc4 16. Bxc4 dxc4 17. Rxa7 Nd5 18. N2xc4 Nxf4 19. exf4 Bxd6 20. Nxd6 Bxg2
21. Rg1 Bxh3 22. Rg3 Bf5 23. Nxf5 exf5 24. cxb6 Rd6 25. b7 Rb6 26. Re3 Rb8 27.
Ra8 1-0

[Event "1. Wittelsbacher Weihnachts-Schach-Open"]
[Site "Kelheim"]
[Date "2012.12.26"]
[Round "1.2"]
[White "Klemp, Sören"]
[Black "Berchtenbreiter, Maximilian"]
[Result "0-1"]
[WhiteElo "1822"]
[BlackElo "2360"]
[PlyCount "46"]
[EventDate "2012.??.??"]
[WhiteTeam "Regensb. Turnerschaft"]
[BlackTeam "SGem Pang/Rosenheim"]

1. e4 c6 2. Nc3 d5 3. Nf3 g6 4. exd5 cxd5 5. g3 Bg7 6. Bg2 Nc6 7. d4 Bg4 8. Ne2
Nf6 9. h3 Bf5 10. c3 O-O 11. O-O Be4 12. Bg5 Qd7 13. Nc1 Qf5 14. Bxf6 Bxf6 15.
g4 Qd7 16. Nd3 b6 17. Qd2 Bg7 18. Rae1 f6 19. Nf4 Bh6 20. Nh2 Qd6 21. Bxe4 dxe4
22. Rxe4 e5 23. Qe2 Bxf4 0-1

[Event "1. Wittelsbacher Weihnachts-Schach-Open"]
[Site "Kelheim"]
[Date "2012.12.26"]
[Round "1.3"]
[White "Kantans, Toms"]
[Black "Schmitz, Marc"]
[Result "1-0"]
[WhiteElo "2355"]
[BlackElo "1674"]
[PlyCount "73"]
[EventDate "2012.??.??"]
[BlackTeam "SV Saal/Donau e.V.SAbt"]

1. e4 c5 2. Nf3 d6 3. d4 cxd4 4. Nxd4 Nf6 5. Nc3 a6 6. Bg5 Nbd7 7. Qd2 h6 8.
Bh4 e6 9. Bg3 Nh5 10. O-O-O Nxg3 11. hxg3 Qc7 12. g4 Be7 13. f4 b5 14. a3 Nb6
15. g5 Bd7 16. Be2 Rc8 17. Nf3 Qc5 18. gxh6 Rxh6 19. Rxh6 gxh6 20. e5 d5 21. f5
Bf8 22. Nd4 Nc4 23. Bxc4 Qxc4 24. fxe6 fxe6 25. Kb1 a5 26. Ncxb5 Bxb5 27. b3
Qc3 28. Nxb5 Qxe5 29. Re1 Qf5 30. Nd4 Qg5 31. Rxe6+ Kf7 32. Qd3 Bg7 33. Re3 Be5
34. Qh7+ Qg7 35. Qf5+ Qf6 36. Qxc8 Bxd4 37. Rf3 1-0

[Event "1. Wittelsbacher Weihnachts-Schach-Open"]
[Site "Kelheim"]
[Date "2012.12.26"]
[Round "1.4"]
[White "Hessler, Markus"]
[Black "Meskovs, Nikita"]
[Result "0-1"]
[WhiteElo "1762"]
[BlackElo "2314"]
[PlyCount "60"]
[EventDate "2012.??.??"]
[WhiteTeam "SF Roding"]

1. e4 c5 2. Nf3 e6 3. d3 Nc6 4. g3 g6 5. Bg2 Bg7 6. O-O Nge7 7. Nbd2 d6 8. Re1
O-O 9. c3 b5 10. Nf1 Qb6 11. Bf4 e5 12. Bd2 Bd7 13. h4 h6 14. N3h2 f5 15. Bh3
Qb7 16. Qc1 Kh7 17. Bg2 Rf7 18. f4 Raf8 19. Nf3 c4 20. exf5 Bxf5 21. fxe5 Bxd3
22. exd6 Nd5 23. N1h2 Qd7 24. Ng5+ hxg5 25. Bxd5 Rf2 26. Be3 Rc2 27. Qxc2 Bxc2
28. Bc5 Ne5 29. Re3 Nd3 30. Re7 Qh3 0-1

[Event "1. Wittelsbacher Weihnachts-Schach-Open"]
[Site "Kelheim"]
[Date "2012.12.26"]
[Round "1.5"]
[White "Maier, Alexander"]
[Black "Bartmann, Florian"]
[Result "1-0"]
[WhiteElo "2306"]
[BlackElo "1665"]
[PlyCount "43"]
[EventDate "2012.??.??"]
[WhiteTeam "SK Ingolstadt"]
[BlackTeam "SK Kelheim 1920"]

1. e4 c5 2. Nf3 d6 3. d4 cxd4 4. Qxd4 Bd7 5. Bg5 Qa5+ 6. Nbd2 Nc6 7. Qe3 h6 8.
Bh4 g6 9. Bc4 Bg7 10. Qb3 e6 11. Bg3 Qc5 12. Qxb7 Rb8 13. Qc7 Rxb2 14. Bxd6 Qa5
15. Bb3 Rxb3 16. Qxa5 Nxa5 17. Nxb3 Nxb3 18. Rb1 Bc3+ 19. Kd1 Na5 20. Rb8+ Bc8
21. Rxc8+ Kd7 22. Rxc3 1-0

[Event "1. Wittelsbacher Weihnachts-Schach-Open"]
[Site "Kelheim"]
[Date "2012.12.26"]
[Round "1.6"]
[White "Gleis, Wolfgang"]
[Black "Promyshlyanskyy, Vitaliy"]
[Result "0-1"]
[WhiteElo "1663"]
[BlackElo "2237"]
[PlyCount "72"]
[EventDate "2012.??.??"]
[WhiteTeam "SF Tegernheim"]
[BlackTeam "SC Noris-Tarrasch Nürnberg 1873"]

1. d4 Nf6 2. Nf3 g6 3. c4 Bg7 4. Nc3 d6 5. e4 O-O 6. Be2 Nbd7 7. Be3 e5 8. dxe5
dxe5 9. O-O c6 10. Qd6 Re8 11. Rfd1 Ng4 12. Qd2 Nxe3 13. Qxe3 Qe7 14. Rd2 Nc5
15. Rad1 Ne6 16. Bf1 Qf8 17. Qd3 Bh6 18. Rc2 Rd8 19. Qe2 Nf4 20. Qe1 Re8 21.
Ne2 Nh5 22. Qc3 f5 23. c5 fxe4 24. Nxe5 Bg7 25. Qb3+ Be6 26. Nc4 Qxc5 27. Qa3
Qxa3 28. bxa3 Red8 29. Rb1 b6 30. Ne3 c5 31. g4 Nf6 32. h3 Nd5 33. Nxd5 Bxd5
34. Nf4 Bf7 35. Re1 Rd4 36. Re3 Bh6 0-1

[Event "1. Wittelsbacher Weihnachts-Schach-Open"]
[Site "Kelheim"]
[Date "2012.12.26"]
[Round "1.7"]
[White "Gießmann, Stephan"]
[Black "Schmitz, Björn"]
[Result "1-0"]
[WhiteElo "2245"]
[BlackElo "1629"]
[PlyCount "68"]
[EventDate "2012.??.??"]
[WhiteTeam "SK Kelheim 1920"]
[BlackTeam "SV Saal/Donau e.V.SAbt"]

1. d4 Nf6 2. Nf3 g6 3. Bg5 Ne4 4. Bf4 d6 5. e3 Nd7 6. Nbd2 Nxd2 7. Qxd2 Bg7 8.
Bd3 c5 9. c3 a6 10. O-O O-O 11. Rfe1 b6 12. Rad1 Bb7 13. e4 cxd4 14. cxd4 Rc8
15. Qe2 Nf6 16. Bxa6 Bxa6 17. Qxa6 Ra8 18. Qb5 Rxa2 19. e5 Ra5 20. Qb3 dxe5 21.
dxe5 Nd5 22. Bd2 Rc5 23. Ng5 Qa8 24. Qh3 h5 25. g4 Qc8 26. e6 Nf6 27. gxh5 Nxh5
28. exf7+ Kh8 29. Qxc8 Rcxc8 30. Rxe7 Bxb2 31. Ne6 Bf6 32. Nxf8 Bxe7 33. Nxg6+
Kg7 34. Nxe7 Rf8 1-0

[Event "1. Wittelsbacher Weihnachts-Schach-Open"]
[Site "Kelheim"]
[Date "2012.12.26"]
[Round "1.8"]
[White "Kellner, Christian"]
[Black "Kunz, Konstantin"]
[Result "0-1"]
[WhiteElo "1642"]
[BlackElo "2228"]
[PlyCount "48"]
[EventDate "2012.??.??"]
[WhiteTeam "SK Kelheim 1920"]
[BlackTeam "SC Kitzingen von 1905"]

1. c4 Nf6 2. Nc3 e6 3. Nf3 c5 4. d3 d6 5. g3 b6 6. Bg2 Bb7 7. O-O Be7 8. b3 O-O
9. Bb2 a6 10. Qd2 Qc7 11. d4 cxd4 12. Qxd4 Nbd7 13. Qd3 Rfd8 14. Rfd1 h6 15.
Bh3 Ne5 16. Nxe5 dxe5 17. Qc2 Qc6 18. e4 b5 19. cxb5 axb5 20. Qe2 b4 21. Na4
Rxd1+ 22. Rxd1 Nxe4 23. Bxe5 Nc3 24. Kf1 Qh1# 0-1

[Event "1. Wittelsbacher Weihnachts-Schach-Open"]
[Site "Kelheim"]
[Date "2012.12.26"]
[Round "1.9"]
[White "Fuhrmann, Max"]
[Black "Dietl, Harald"]
[Result "1-0"]
[WhiteElo "2155"]
[BlackElo "1805"]
[PlyCount "41"]
[EventDate "2012.??.??"]
[WhiteTeam "SK Kelheim 1920"]
[BlackTeam "SK Abensberg"]

1. e4 c6 2. Nc3 d5 3. Nf3 Bg4 4. h3 Bxf3 5. Qxf3 e6 6. d4 g6 7. Bf4 Bg7 8.
O-O-O Ne7 9. g4 b5 10. Bg2 a5 11. Kb1 a4 12. exd5 exd5 13. Rhe1 O-O 14. Qg3 Qd7
15. Rd3 Re8 16. Bd6 Na6 17. Rde3 Ra7 18. Rxe7 Rxe7 19. Rxe7 Qxe7 20. Bxe7 Rxe7
21. Kc1 1-0

[Event "1. Wittelsbacher Weihnachts-Schach-Open"]
[Site "Kelheim"]
[Date "2012.12.26"]
[Round "1.10"]
[White "Brack, André"]
[Black "Eibl, Maximilian"]
[Result "0-1"]
[WhiteElo "1818"]
[BlackElo "2137"]
[PlyCount "64"]
[EventDate "2012.??.??"]
[WhiteTeam "Regensb. Turnerschaft"]
[BlackTeam "SK Kelheim 1920"]

1. d4 Nf6 2. Nf3 c5 3. d5 e6 4. Nc3 exd5 5. Nxd5 Nxd5 6. Qxd5 d6 7. Bf4 Nc6 8.
Ng5 Qf6 9. e3 Be6 10. Nxe6 fxe6 11. Qb3 O-O-O 12. Bb5 Nb4 13. a3 Nd5 14. a4
Nxf4 15. exf4 d5 16. g3 c4 17. Qe3 a6 18. Qb6 e5 19. Qa7 exf4 20. O-O-O axb5
21. axb5 Kc7 22. Qa5+ Qb6 23. Qa4 Bc5 24. c3 Bxf2 25. Qc2 Ra8 26. Qf5 Qe3+ 27.
Kc2 Qe4+ 28. Qxe4 dxe4 29. gxf4 e3 30. Rd4 e2 31. Rxc4+ Kb6 32. Re4 Rhe8 0-1

[Event "1. Wittelsbacher Weihnachts-Schach-Open"]
[Site "Kelheim"]
[Date "2012.12.26"]
[Round "1.11"]
[White "Kreuzer, Helmut"]
[Black "Zankl, Stephan"]
[Result "1-0"]
[WhiteElo "2132"]
[BlackElo "1596"]
[PlyCount "57"]
[EventDate "2012.??.??"]
[WhiteTeam "SK Kelheim 1920"]
[BlackTeam "TSV Nittenau"]

1. d4 e6 2. c4 Bb4+ 3. Nc3 c5 4. e3 Ne7 5. Nge2 b6 6. a3 Bxc3+ 7. Nxc3 Bb7 8.
Bd3 Nbc6 9. d5 Ne5 10. Be2 d6 11. O-O exd5 12. cxd5 Bc8 13. b3 a6 14. a4 f6 15.
Bb2 Bf5 16. e4 Bg6 17. f4 Nd7 18. Bf3 Qc7 19. Re1 O-O-O 20. Qd3 Qa7 21. Qf1
Rhe8 22. Nb1 Bf7 23. Nd2 f5 24. Nc4 Nf6 25. e5 dxe5 26. fxe5 Nfxd5 27. Nd6+ Kb8
28. Nxf7 Rd7 29. e6 1-0

[Event "1. Wittelsbacher Weihnachts-Schach-Open"]
[Site "Kelheim"]
[Date "2012.12.26"]
[Round "1.12"]
[White "Glück, Ulrich"]
[Black "Strobel, Christian"]
[Result "0-1"]
[WhiteElo "1748"]
[BlackElo "2068"]
[PlyCount "100"]
[EventDate "2012.??.??"]
[WhiteTeam "MSA Zugzwang 82 e.V."]
[BlackTeam "TSV Kareth-Lappersdorf"]

1. d4 Nf6 2. c4 e6 3. a3 b6 4. Nc3 Bb7 5. Bg5 Be7 6. e3 O-O 7. Nf3 Ne4 8. Bxe7
Qxe7 9. Nxe4 Bxe4 10. Bd3 f5 11. Rc1 c5 12. O-O Bb7 13. Bb1 d6 14. Qe2 e5 15.
dxe5 dxe5 16. e4 f4 17. Rfd1 Nc6 18. b3 Nd4 19. Nxd4 cxd4 20. b4 Rac8 21. Ba2
Kh8 22. f3 Rc6 23. Rc2 Rfc8 24. Rdc1 R8c7 25. c5 bxc5 26. Bd5 Rb6 27. Rxc5 Rd7
28. Bxb7 Rbxb7 29. Rc8+ Rd8 30. Qc4 Rbd7 31. Rxd8+ Rxd8 32. Qd3 h5 33. Rc5 Kh7
34. h3 Rd6 35. Kf1 Rg6 36. Qd2 a6 37. Qc2 Qg5 38. Qf2 Qe7 39. Qc2 Rd6 40. Qd3
Qg5 41. a4 Rg6 42. Qd2 Kh6 43. b5 axb5 44. axb5 Rf6 45. Qb2 Qg3 46. Rc6 Qh2 47.
Rxf6+ gxf6 48. Qf2 d3 49. b6 Qh1+ 50. Qg1 Qxg1+ 0-1

[Event "1. Wittelsbacher Weihnachts-Schach-Open"]
[Site "Kelheim"]
[Date "2012.12.26"]
[Round "1.13"]
[White "Fernandez-Garcia, Relman"]
[Black "Müller, Johannes"]
[Result "1/2-1/2"]
[WhiteElo "2067"]
[BlackElo "1534"]
[PlyCount "114"]
[EventDate "2012.??.??"]
[WhiteTeam "SG Schwabing München Nord e.V."]
[BlackTeam "SK Kelheim 1920"]

1. e4 e5 2. Nf3 Nc6 3. Bc4 Bc5 4. O-O Nf6 5. d3 d6 6. h3 Na5 7. Bb5+ c6 8. Ba4
b5 9. Bb3 h6 10. Nbd2 O-O 11. c3 Nxb3 12. Nxb3 Bb6 13. Qe2 Re8 14. Be3 Bc7 15.
Rfd1 a5 16. Qc2 a4 17. Nbd2 Qe7 18. Nf1 d5 19. Ng3 dxe4 20. dxe4 c5 21. Nh4 Bb7
22. Nhf5 Qe6 23. f3 c4 24. Kh2 h5 25. Qc1 Rad8 26. Rxd8 Rxd8 27. Bc5 g6 28. Qh6
gxf5 29. Nxf5 Ng4+ 30. hxg4 Qxh6 31. Nxh6+ Kg7 32. Nf5+ Kg6 33. gxh5+ Kxh5 34.
Re1 Rd2 35. Re2 Rxe2 36. Ng3+ Kg6 37. Nxe2 f5 38. Ng3 fxe4 39. Nxe4 Kf5 40. Be3
Bxe4 41. g4+ Kg6 42. fxe4 Bd6 43. Bc1 Be7 44. Kg3 Bc5 45. Kf3 Be7 46. a3 Bc5
47. Kg3 Bg1 48. Bd2 Bc5 49. Kf3 Be7 50. Be3 Bd8 51. Kg3 Be7 52. Kh3 Bd8 53. Bd2
Be7 54. Kg2 Bc5 55. Kf3 Be7 56. Be3 Bd8 57. Kg3 Be7 1/2-1/2

[Event "1. Wittelsbacher Weihnachts-Schach-Open"]
[Site "Kelheim"]
[Date "2012.12.26"]
[Round "1.14"]
[White "Braun, Kristin"]
[Black "Braun, Thomas"]
[Result "1-0"]
[WhiteElo "1836"]
[BlackElo "2162"]
[PlyCount "73"]
[EventDate "2012.??.??"]
[WhiteTeam "SC Forchheim e.V."]
[BlackTeam "FC Bayern München e.V."]

1. Nf3 Nf6 2. g3 d5 3. Bg2 c6 4. d3 Bg4 5. O-O Nbd7 6. Nc3 e6 7. e4 Be7 8. Re1
h6 9. e5 Nh7 10. d4 O-O 11. Be3 c5 12. Qd2 a6 13. dxc5 Bxf3 14. Bxf3 Nxe5 15.
Bg2 Nc4 16. Qc1 Rc8 17. b4 b6 18. cxb6 Bxb4 19. Bd4 Nxb6 20. Qb2 Bxc3 21. Bxc3
Na4 22. Qa3 Nxc3 23. Qxa6 Qc7 24. Qd3 Nf6 25. f3 Ra8 26. a3 Rfc8 27. Re3 Qc5
28. Kh1 Rxa3 29. Rxa3 Qxa3 30. h3 Qd6 31. Qd4 Qxg3 32. f4 Qh4 33. Kg1 Nfe4 34.
Bxe4 Nxe4 35. Re2 Rc3 36. Rg2 Rxh3 37. Qxg7# 1-0

[Event "1. Wittelsbacher Weihnachts-Schach-Open"]
[Site "Kelheim"]
[Date "2012.12.26"]
[Round "1.15"]
[White "Stöckl, Stephan"]
[Black "Häusler, Florian"]
[Result "1-0"]
[WhiteElo "2126"]
[BlackElo "1514"]
[PlyCount "69"]
[EventDate "2012.??.??"]
[WhiteTeam "SK Schwandorf"]
[BlackTeam "TSV Kareth-Lappersdorf"]

1. Nf3 c5 2. b3 d6 3. Bb2 Nc6 4. g3 e5 5. d3 g6 6. Bg2 Bg7 7. O-O Nge7 8. c4
O-O 9. Nc3 h6 10. Rb1 Be6 11. a3 Rb8 12. Nd2 Qd7 13. Re1 f5 14. Nd5 f4 15. b4
b6 16. b5 Nd4 17. Bxd4 cxd4 18. Nb4 h5 19. Ne4 Bh6 20. Rf1 Rf7 21. Qb3 Rbf8 22.
Nd5 Kg7 23. Nxe7 Qxe7 24. Qb4 Rd8 25. a4 h4 26. a5 fxg3 27. hxg3 hxg3 28. Nxg3
Bf4 29. Bd5 Rh8 30. Kg2 Bxd5+ 31. cxd5 Qg5 32. Rh1 Bxg3 33. fxg3 Qe3 34. Rxh8
Qxe2+ 35. Kh3 1-0

[Event "1. Wittelsbacher Weihnachts-Schach-Open"]
[Site "Kelheim"]
[Date "2012.12.26"]
[Round "1.16"]
[White "Tautz, Helmut"]
[Black "Kümpers, Ulrich"]
[Result "0-1"]
[WhiteElo "1499"]
[BlackElo "2066"]
[PlyCount "60"]
[EventDate "2012.??.??"]
[WhiteTeam "SK Kelheim 1920"]
[BlackTeam "SC Tarrasch 45 München"]

1. Nf3 Nf6 2. g3 g6 3. Bg2 Bg7 4. d4 O-O 5. O-O d6 6. Nc3 Nbd7 7. e4 e5 8. Bg5
h6 9. Bd2 c6 10. Qc1 Kh7 11. dxe5 dxe5 12. Nh4 Nc5 13. f4 exf4 14. Bxf4 g5 15.
Be3 Qe7 16. Nf5 Bxf5 17. exf5 Ng4 18. Re1 Nxe3 19. Qxe3 Qxe3+ 20. Rxe3 Bd4 21.
Kf2 Rfe8 22. Rae1 Re5 23. g4 Rae8 24. Nd1 Ne4+ 25. Kf1 Bxe3 26. Nxe3 Nf6 27.
Kf2 Rxe3 28. Rd1 Re2+ 29. Kg3 R2e3+ 30. Bf3 Ne4+ 0-1

[Event "1. Wittelsbacher Weihnachts-Schach-Open"]
[Site "Kelheim"]
[Date "2012.12.26"]
[Round "1.17"]
[White "Seidenschwarz, Holger"]
[Black "Fischer, Wolfgang"]
[Result "1-0"]
[WhiteElo "1989"]
[BlackElo "1474"]
[PlyCount "51"]
[EventDate "2012.??.??"]
[WhiteTeam "SC 1947 Beilngries"]
[BlackTeam "SF Tegernheim"]

1. e4 e5 2. Nf3 Nc6 3. Bb5 a6 4. Ba4 Nf6 5. O-O b5 6. Bb3 Nxe4 7. d4 d5 8. dxe5
Be6 9. c3 Be7 10. Nbd2 O-O 11. Bc2 Nxd2 12. Qxd2 Bg4 13. Qd3 g6 14. Re1 Re8 15.
Bf4 Bxf3 16. Qxf3 Bf8 17. Rad1 Ne7 18. Bg5 c6 19. h4 Qd7 20. g4 Bg7 21. h5 Nc8
22. Bf6 Nb6 23. Bxg7 Kxg7 24. Qf6+ Kh6 25. g5+ Kxh5 26. Rd4 1-0

[Event "1. Wittelsbacher Weihnachts-Schach-Open"]
[Site "Kelheim"]
[Date "2012.12.26"]
[Round "1.18"]
[White "Reinfelder, Fabian"]
[Black "Maurer, Heinrich"]
[Result "0-1"]
[WhiteElo "1433"]
[BlackElo "2131"]
[PlyCount "114"]
[EventDate "2012.??.??"]
[WhiteTeam "SG Siemens Amberg"]
[BlackTeam "SK Kelheim 1920"]

1. d4 Nf6 2. Nf3 g6 3. Bf4 Bg7 4. e3 O-O 5. Be2 d6 6. h3 Nbd7 7. O-O c5 8. c3
b6 9. Nbd2 Bb7 10. Rc1 Re8 11. Bb5 a6 12. Bxd7 Qxd7 13. b3 h6 14. Bh2 Qf5 15.
c4 e5 16. d5 e4 17. Ne1 Qd7 18. f4 Nh7 19. g4 f5 20. Kh1 Qf7 21. Rg1 Bc8 22. g5
h5 23. h4 b5 24. Qc2 b4 25. Nb1 Qc7 26. a3 bxa3 27. Nxa3 Qa5 28. Qa2 Rb8 29.
Rg2 Re7 30. Rb1 Reb7 31. Bg3 Bc3 32. Kg1 Bd7 33. Nec2 Qc7 34. Be1 Qa5 35. Kf1
Bxe1 36. Nxe1 Qc3 37. Nac2 a5 38. Re2 a4 39. Qb2 Qa5 40. Qa2 Rxb3 41. Rxb3 Rxb3
42. Na1 Rb4 43. Nec2 Rb7 44. Kf2 Qc3 45. Na3 Nf8 46. Rc2 Qb4 47. Ke2 Qa5 48.
Rb2 Rxb2+ 49. Qxb2 Qb4 50. Qc1 Kf7 51. Kd1 Ke7 52. N1c2 Qb3 53. Qd2 Bc8 54. Qa5
Nd7 55. Kc1 Nb6 56. Qa7+ Bd7 57. Qa5 Nxc4 0-1

[Event "1. Wittelsbacher Weihnachts-Schach-Open"]
[Site "Kelheim"]
[Date "2012.12.26"]
[Round "1.19"]
[White "Kues, Manuel"]
[Black "Schindler, Tobias"]
[Result "1-0"]
[WhiteElo "2002"]
[BlackElo "1465"]
[PlyCount "53"]
[EventDate "2012.??.??"]
[WhiteTeam "TSV Kareth-Lappersdorf"]
[BlackTeam "SK Kelheim 1920"]

1. e4 c6 2. d4 d5 3. exd5 cxd5 4. Bd3 Nc6 5. c3 Nf6 6. h3 e6 7. Nf3 Bd6 8. Bg5
O-O 9. O-O Bd7 10. Nbd2 Rb8 11. Re1 b5 12. a3 a5 13. Ne5 Be7 14. Ndf3 b4 15.
axb4 axb4 16. Ra6 Nxe5 17. Nxe5 bxc3 18. bxc3 h6 19. Bh4 Ne8 20. Ra7 Bxh4 21.
Nxd7 Rc8 22. Qc2 Nd6 23. Nxf8 Kxf8 24. Rb1 Qf6 25. Rd7 e5 26. Rb6 Rxc3 27. Qxc3
1-0

[Event "1. Wittelsbacher Weihnachts-Schach-Open"]
[Site "Kelheim"]
[Date "2012.12.26"]
[Round "1.20"]
[White "Gebhardt, Lukas"]
[Black "Weber, Daniel"]
[Result "0-1"]
[WhiteElo "1443"]
[BlackElo "1866"]
[PlyCount "102"]
[EventDate "2012.??.??"]
[WhiteTeam "SK Kelheim 1920"]
[BlackTeam "SC Bechhofen 1923 e.V."]

1. d4 Nf6 2. c4 g6 3. Nc3 d5 4. Nf3 Bg7 5. Bf4 O-O 6. e3 b6 7. Bd3 Bb7 8. O-O
e6 9. Rc1 a6 10. Qc2 Nbd7 11. Rfd1 Nh5 12. Bg5 Qe8 13. Qb3 dxc4 14. Bxc4 Bxf3
15. gxf3 h6 16. Bh4 b5 17. Be2 g5 18. Bg3 Nxg3 19. fxg3 f5 20. a4 c6 21. Na2
Nb6 22. a5 Nd5 23. Nb4 Nxb4 24. Qxb4 e5 25. Qb3+ Kh8 26. d5 cxd5 27. Rxd5 e4
28. f4 gxf4 29. exf4 Rc8 30. Rcc5 Rxc5 31. Rxc5 Bd4+ 32. Kf1 Bxc5 33. Qc3+ Kg8
34. Qxc5 Qc8 35. Qd5+ Kh7 36. Qe5 Re8 37. Qf6 Qe6 38. Qd4 Re7 39. Qc5 Rd7 40.
Qc3 Qd6 41. Ke1 Rc7 42. Qe3 Qb4+ 43. Qd2 Rc1+ 44. Bd1 Qxd2+ 45. Kxd2 Ra1 46.
Bb3 Rxa5 47. Be6 Kg6 48. h4 Kf6 49. Bd5 b4 50. Bc4 Ra1 51. Ke2 a5 0-1

[Event "1. Wittelsbacher Weihnachts-Schach-Open"]
[Site "Kelheim"]
[Date "2012.12.26"]
[Round "1.21"]
[White "Weigert, Wilhelm"]
[Black "Swierzy, David"]
[Result "1/2-1/2"]
[WhiteElo "2024"]
[BlackElo "1391"]
[PlyCount "116"]
[EventDate "2012.??.??"]
[WhiteTeam "SK Kelheim 1920"]
[BlackTeam "SC Straubing"]

1. Nf3 Nf6 2. c4 e6 3. g3 d5 4. Bg2 c5 5. O-O Nc6 6. b3 Be7 7. d3 O-O 8. Bb2 d4
9. e4 Nd7 10. Nbd2 Nde5 11. Nxe5 Nxe5 12. Qe2 Nc6 13. f4 e5 14. f5 Bf6 15. Nf3
Qe7 16. Bc1 h6 17. g4 Kh7 18. Qd2 Bd7 19. g5 hxg5 20. Nxg5+ Bxg5 21. Qxg5 Qxg5
22. Bxg5 f6 23. Bd2 Rh8 24. Rf3 Be8 25. a3 a5 26. Kf2 Kg8 27. h3 Bh5 28. Rg3
Kf7 29. Bf3 Bxf3 30. Kxf3 b6 31. Rag1 Rh7 32. Ke2 Rg8 33. Kd1 Ne7 34. Kc2 Nc6
35. Be1 Ne7 36. h4 Nc6 37. R3g2 Ne7 38. Rg4 Nc6 39. R1g2 Ne7 40. b4 Nc6 41. Kb3
Ra8 42. h5 a4+ 43. Ka2 Rg8 44. Rh4 Rgh8 45. Rgh2 Rh6 46. Bd2 R6h7 47. Kb2 Ke7
48. bxc5 bxc5 49. h6 gxh6 50. Bxh6 Kf7 51. Bg5 Rxh4 52. Bxh4 Na5 53. Kc2 Nb3
54. Kd1 Rh7 55. Ke2 Nc1+ 56. Kd2 Nb3+ 57. Kc2 Na1+ 58. Kd1 Nb3 1/2-1/2

[Event "1. Wittelsbacher Weihnachts-Schach-Open"]
[Site "Kelheim"]
[Date "2012.12.26"]
[Round "1.22"]
[White "Karl, Markus"]
[Black "Seifert, Werner"]
[Result "0-1"]
[WhiteElo "1436"]
[BlackElo "2000"]
[PlyCount "60"]
[EventDate "2012.??.??"]
[WhiteTeam "SK Kelheim 1920"]
[BlackTeam "SAbt SV Weiss-BL.Allianz"]

1. d4 Nf6 2. c4 g6 3. Nc3 Bg7 4. Nf3 O-O 5. e4 d6 6. Be2 e5 7. dxe5 dxe5 8. O-O
Nbd7 9. Be3 c6 10. Qc2 Qe7 11. Rfd1 Re8 12. a3 Nf8 13. h3 N6d7 14. b4 Ne6 15.
Qd2 Ndf8 16. c5 Rd8 17. Qc2 Nd4 18. Bxd4 exd4 19. Qd2 Ne6 20. Na2 d3 21. Bxd3
Bxa1 22. Rxa1 Qf6 23. Rd1 Nd4 24. Nxd4 Qxd4 25. Qe2 Be6 26. Nc1 Bc4 27. Kf1
Bxd3 28. Nxd3 Qc3 29. a4 Rd4 30. f3 Rad8 0-1

[Event "1. Wittelsbacher Weihnachts-Schach-Open"]
[Site "Kelheim"]
[Date "2012.12.26"]
[Round "1.23"]
[White "Watzenberger, Stefan"]
[Black "Karl, Thomas"]
[Result "1-0"]
[WhiteElo "1898"]
[BlackElo "1424"]
[PlyCount "57"]
[EventDate "2012.??.??"]
[WhiteTeam "SC Sendling e.V."]
[BlackTeam "SK Kelheim 1920"]

1. e4 e5 2. Nf3 Nc6 3. Bb5 a6 4. Ba4 Nf6 5. O-O b5 6. Bb3 d6 7. Re1 Be7 8. c3
Na5 9. Bc2 c5 10. d4 Nc6 11. d5 Na5 12. Nbd2 O-O 13. b4 Nb7 14. Qe2 Bg4 15. h3
Bh5 16. a4 c4 17. Nf1 Qc8 18. Ng3 Bg6 19. Nh4 Re8 20. Nhf5 Bxf5 21. Nxf5 Bf8
22. Bg5 Nd7 23. a5 f6 24. Be3 Nd8 25. h4 Nf7 26. Qg4 Kh8 27. h5 Qd8 28. g3 Ra7
29. Bxa7 1-0

[Event "1. Wittelsbacher Weihnachts-Schach-Open"]
[Site "Kelheim"]
[Date "2012.12.26"]
[Round "1.24"]
[White "Eremenko, Dimitry"]
[Black "Schindler, Gernot"]
[Result "0-1"]
[WhiteElo "1382"]
[BlackElo "2023"]
[PlyCount "60"]
[EventDate "2012.??.??"]
[WhiteTeam "MTV Ingolstadt"]
[BlackTeam "SK Kelheim 1920"]

1. e4 c6 2. d4 d5 3. e5 Bf5 4. Be3 e6 5. Nd2 Qc7 6. Be2 Nd7 7. g4 Bg6 8. h4 h5
9. gxh5 Bf5 10. Bg4 Bxg4 11. Qxg4 c5 12. c3 cxd4 13. Bxd4 Nh6 14. Qf4 Nf5 15.
Ngf3 Rxh5 16. Ke2 Rc8 17. Rag1 g6 18. Rg5 Bh6 19. Rh3 f6 20. Rxh5 Bxf4 21. Rh8+
Kf7 22. Rh7+ Kg8 23. Ng5 fxg5 24. hxg5 Ng7 25. Nf3 Nh5 26. Re7 Qc4+ 27. Ke1 Nf8
28. Rh4 Qd3 29. Rh3 Bc1 30. Rxb7 Nf4 0-1

[Event "1. Wittelsbacher Weihnachts-Schach-Open"]
[Site "Kelheim"]
[Date "2012.12.26"]
[Round "1.25"]
[White "Seitner, Ralf"]
[Black "Fischer, Agnes"]
[Result "1-0"]
[WhiteElo "1877"]
[BlackElo "1369"]
[PlyCount "57"]
[EventDate "2012.??.??"]
[WhiteTeam "SK Neumarkt e.V."]
[BlackTeam "SF Tegernheim"]

1. d4 d5 2. c4 Nf6 3. cxd5 Qxd5 4. Nc3 Qc6 5. e4 a6 6. d5 Qb6 7. Qc2 c6 8. h3
e6 9. Nf3 Nbd7 10. dxe6 fxe6 11. Bc4 e5 12. O-O Qc7 13. Ng5 Bc5 14. Ne6 Qb8 15.
Nxg7+ Kf8 16. Bh6 Nb6 17. Qb3 Nxc4 18. Qxc4 Be7 19. Rad1 Bd7 20. Rd3 b5 21. Qb3
c5 22. Rf3 c4 23. Qd1 Bc6 24. Nd5 Kf7 25. Nxf6 Bxf6 26. Nh5 Bxe4 27. Rxf6+ Ke7
28. Qg4 Bd5 29. Qg7+ 1-0

[Event "1. Wittelsbacher Weihnachts-Schach-Open"]
[Site "Kelheim"]
[Date "2012.12.26"]
[Round "1.26"]
[White "Burgard, Manfred"]
[Black "Bumes, Konrad"]
[Result "0-1"]
[WhiteElo "1354"]
[BlackElo "1872"]
[PlyCount "84"]
[EventDate "2012.??.??"]
[WhiteTeam "SF Roding"]
[BlackTeam "SC Haar 1931"]

1. e4 d5 2. exd5 Qxd5 3. Nc3 Qa5 4. d4 Nf6 5. Bd2 Qb6 6. Nf3 c6 7. Rb1 Bg4 8.
Be2 Bxf3 9. Bxf3 Qxd4 10. O-O Nbd7 11. Be3 Qxd1 12. Rbxd1 e6 13. Rd2 Bc5 14.
Bf4 O-O-O 15. Rfd1 Nb6 16. Ne4 Nxe4 17. Bxe4 Rxd2 18. Rxd2 h6 19. b3 Rd8 20.
Bd3 Nd5 21. Be5 f6 22. Bb2 Nf4 23. h4 Nxd3 24. Rxd3 Rxd3 25. cxd3 h5 26. g3 Kd7
27. Kg2 Kd6 28. f4 Kd5 29. Kf3 Bd4 30. Bc1 f5 31. Bd2 a6 32. Bb4 g6 33. a4 Bb2
34. Ke2 b5 35. axb5 axb5 36. Ke3 Bc1+ 37. Ke2 Kd4 38. Ba5 c5 39. Bb6 Kc3 40.
Bxc5 Kxb3 41. Kd1 Ba3 42. d4 Ka2 0-1

[Event "1. Wittelsbacher Weihnachts-Schach-Open"]
[Site "Kelheim"]
[Date "2012.12.26"]
[Round "1.27"]
[White "Brack, Johannes"]
[Black "Eichinger, Bernd"]
[Result "1-0"]
[WhiteElo "1865"]
[BlackElo "1315"]
[PlyCount "21"]
[EventDate "2012.??.??"]
[WhiteTeam "Regensb. Turnerschaft"]
[BlackTeam "SK Schwandorf"]

1. d4 d5 2. Nf3 Bf5 3. Bf4 Nf6 4. e3 e6 5. Bd3 Bxd3 6. Qxd3 Bb4+ 7. c3 Ba5 8.
Qb5+ Nc6 9. Qxb7 Kd7 10. Qb5 Bb6 11. Ne5+ 1-0